Itineraris : Talamanca : municipi Talamanca :
Descripción Física:
[5] p. : il. col., fot. ; 21 cm
MARC
| LEADER | 00000nam a2200000Ia 4500 | ||
|---|---|---|---|
| 001 | 15666 | ||
| 008 | 160829s9999 xx 000 0 cat d | ||
| 080 | |a FU-39-34 | ||
| 245 | |a Itineraris : |b Talamanca : |b municipi | ||
| 260 | |a [Barcelona] : |b Diputació de Barcelona, Servei d'Esports i Turisme, [19-- ?] | ||
| 300 | |a [5] p. : |b il. col., fot. ; |c 21 cm | ||
| 590 | |a A la portada: Ajuntament de Talamanca ; Turisme Total. | ||
| 590 | |a Inclou mapa de la zona | ||
| 650 | |a Talamanca |x Guies |9 38856 | ||
| 650 | |a Talamanca |x Circuits turístics |9 38857 | ||
| 710 | 2 | |a Barcelona (Catalunya : Província). |b Servei d'Esports i Turisme |9 54307 | |
| 710 | 1 | |a Talamanca (Catalunya). |b Ajuntament |9 55481 | |
| 901 | |a Arxiu | ||
| 942 | |n 1 | ||
| 952 | |0 0 |1 0 |4 0 |6 FU3934 |7 1 |9 48652 |a Arxiu |b Arxiu |d 2016-12-01 |l 0 |o FU-39-34 |p 15666 |r 2016-12-01 00:00:00 |w 2016-12-01 |y ARXIU | ||
| 999 | |c 52482 |d 52482 | ||